[Event "GER-chB Seniors 26th"]
[Site "Bad Neuenahr"]
[Date "2014.08.09"]
[Round "5"]
[White "Kneip, Horst"]
[Black "Ludwig, Siegfried"]
[Result "0-1"]
[WhiteElo "1626"]
[BlackElo "1674"]
[PlyCount "31"]
[EventDate "2014.08.05"]
[EventType "swiss"]
[EventRounds "9"]
[EventCountry "GER"]
[SourceTitle "EXT 2018"]
[Source "ChessBase"]
[SourceDate "2017.10.13"]
[SourceVersion "1"]
[SourceVersionDate "2017.10.13"]
[SourceQuality "1"]

1. Nf3 d6 2. d4 Nf6 3. c3 Bg4 4. Bg5 Nbd7 5. Nbd2 e6 6. h3 Bf5 7. e4 Bg6 8. e5 h6 9. Bh4 Be7 10. exf6 Bxf6 11. Bxf6 Qxf6 12. Be2 0-0 13. Nh2 Rfe8 14. Ng4 Qe7 15. Nc4 f5 16. Nh2 0-1

[Event "GER-chB Seniors 26th"]
[Site "Bad Neuenahr"]
[Date "2014.08.08"]
[Round "4"]
[White "Daebel, Hasso"]
[Black "Kneip, Horst"]
[Result "1/2-1/2"]
[WhiteElo "1665"]
[BlackElo "1626"]
[PlyCount "38"]
[EventDate "2014.08.05"]
[EventType "swiss"]
[EventRounds "9"]
[EventCountry "GER"]
[SourceTitle "EXT 2018"]
[Source "ChessBase"]
[SourceDate "2017.10.13"]
[SourceVersion "1"]
[SourceVersionDate "2017.10.13"]
[SourceQuality "1"]

1. d4 d5 2. Bf4 Bf5 3. Nf3 h6 4. h3 g5 5. Bh2 Nd7 6. Nbd2 Bg7 7. c3 Ngf6 8. Ne5 Nxe5 9. Bxe5 Kf8 10. g4 Bg6 11. Bg2 c6 12. f3 Nd7 13. Bg3 f6 14. f4 gxf4 15. Bxf4 h5 16. e4 Nb6 17. Qb3 Qd7 18. Bf3 f5 19. exf5 Bxf5 1/2-1/2

[Event "SVR-ch Seniors 33rd"]
[Site "Mendig"]
[Date "2010.04.03"]
[Round "7"]
[White "Kroetz, Hermann Josef"]
[Black "Kneip, Horst"]
[Result "1/2-1/2"]
[WhiteElo "1895"]
[BlackElo "1798"]
[PlyCount "23"]
[EventDate "2010.03.26"]
[EventType "swiss"]
[EventRounds "7"]
[EventCountry "GER"]
[SourceTitle "EXT 2011"]
[Source "ChessBase"]
[SourceDate "2010.11.26"]
[SourceVersion "1"]
[SourceVersionDate "2010.11.26"]
[SourceQuality "1"]

1. e4 e5 2. Nf3 Nc6 3. Bc4 d6 4. d4 exd4 5. Nxd4 Ne5 6. Bb3 c5 7. Ba4+ Bd7 8. Bxd7+ Qxd7 9. Nf3 Qg4 10. 0-0 Nxf3+ 11. Qxf3 Qxf3 12. gxf3 1/2-1/2

[Event "SVR-ch Seniors 33rd"]
[Site "Mendig"]
[Date "2010.04.01"]
[Round "4"]
[White "Kneip, Horst"]
[Black "Gebhardt, Ulrich"]
[Result "0-1"]
[WhiteElo "1798"]
[BlackElo "1781"]
[PlyCount "106"]
[EventDate "2010.03.26"]
[EventType "swiss"]
[EventRounds "7"]
[EventCountry "GER"]
[SourceTitle "EXT 2011"]
[Source "ChessBase"]
[SourceDate "2010.11.26"]
[SourceVersion "1"]
[SourceVersionDate "2010.11.26"]
[SourceQuality "1"]

1. e4 c6 2. d4 d5 3. Nc3 dxe4 4. Nxe4 Bf5 5. Ng3 Bg6 6. f4 e6 7. Nf3 Nd7 8. Be3 Ngf6 9. Ne5 Nxe5 10. fxe5 Nd5 11. Bd2 Qb6 12. c4 Nb4 13. c5 Qa5 14. Bxb4 Qxb4+ 15. Qd2 Qxd2+ 16. Kxd2 0-0-0 17. b4 Rxd4+ 18. Kc3 Rd5 19. Re1 Be7 20. Bc4 Rd7 21. Rd1 Rhd8 22. Rxd7 Rxd7 23. Ne2 Bg5 24. Nd4 Be3 25. Rd1 Bf4 26. Re1 Bxh2 27. b5 Kc7 28. a4 Bg3 29. Re2 Bh5 30. Re4 Bf2 31. a5 Bxd4+ 32. Rxd4 Rxd4 33. Kxd4 Bd1 34. b6+ axb6 35. cxb6+ Kd7 36. Bd3 h5 37. Kc5 Ba4 38. a6 bxa6 39. Bxa6 Bb5 40. Bxb5 cxb5 41. Kxb5 Kc8 42. Kc6 g5 43. Kd6 h4 44. Ke7 g4 45. Kxf7 h3 46. gxh3 gxh3 47. Kxe6 h2 48. Kf6 h1Q 49. e6 Kd8 50. Kf7 Qh7+ 51. Kf6 Qe7+ 52. Ke5 Kc8 53. Kd5 Kb7 0-1

[Event "SVR-ch Seniors 33rd"]
[Site "Mendig"]
[Date "2010.04.01"]
[Round "5"]
[White "Paetzold, Horst"]
[Black "Kneip, Horst"]
[Result "1-0"]
[WhiteElo "1866"]
[BlackElo "1798"]
[PlyCount "119"]
[EventDate "2010.03.26"]
[EventType "swiss"]
[EventRounds "7"]
[EventCountry "GER"]
[SourceTitle "EXT 2011"]
[Source "ChessBase"]
[SourceDate "2010.11.26"]
[SourceVersion "1"]
[SourceVersionDate "2010.11.26"]
[SourceQuality "1"]

1. d4 d5 2. c4 e6 3. cxd5 exd5 4. Nc3 Bb4 5. Qc2 Nc6 6. Nf3 Bg4 7. e3 h6 8. Be2 Nf6 9. 0-0 Bxc3 10. bxc3 0-0 11. Ba3 Re8 12. c4 Na5 13. c5 c6 14. Bb4 b6 15. cxb6 axb6 16. Bxa5 Rxa5 17. Qxc6 Re6 18. Qc2 Qa8 19. Rfc1 Re7 20. h3 Be6 21. Ne5 Bd7 22. Nc6 Bxc6 23. Qxc6 Qxc6 24. Rxc6 Rea7 25. Rxb6 Rxa2 26. Rxa2 Rxa2 27. Bf3 Ne4 28. Bxe4 dxe4 29. f3 Re2 30. Rb3 f5 31. fxe4 fxe4 32. Kf1 Rd2 33. Rb5 Rd1+ 34. Ke2 Rg1 35. Kf2 Rd1 36. Re5 Rd2+ 37. Kg3 Kf7 38. Rxe4 Kf6 39. Kf3 g5 40. h4 h5 41. hxg5+ Kxg5 42. Re5+ Kg6 43. g3 Rh2 44. e4 Kf6 45. Rf5+ Ke6 46. Rf4 Rd2 47. d5+ Ke5 48. Rf5+ Kd4 49. Rxh5 Kc5 50. Rf5 Kd6 51. Kg4 Rd4 52. Rf4 Kc5 53. Kf5 Ra4 54. g4 Ra8 55. g5 Kd6 56. g6 Rg8 57. Rg4 Rf8+ 58. Kg5 Ke5 59. g7 Rg8 60. Kh6 1-0